000 00927pam a2200277 i 4500
001 4394920
003 EG-ScBUE
005 20250522140609.0
008 920421t1992 si a f b 000 0 eng d
020 _a981020910X (pbk.)
040 _aEG-ScBUE
_beng
_erda
_cEG-ScBUE
_dEG-ScBUE
082 0 4 _a530.41
_222
_bGEN
100 1 _aGennes, Pierre-Gilles de,
_96336
_eauthor.
245 1 0 _aSimple views on condensed matter /
_cPierre-Gilles de Gennes, Collége de France.
264 1 _aSingapore :
_bWorld Scientific,
_c[1992]
264 4 _cc1992
300 _ax, 408 pages :
_billustrations ;
_c26 cm.
336 _2rdacontent
_atext
_btxt
337 _aunmediated
_2rdamedia
_bn
338 _avolume
_bnc
_2rdacarrier
490 0 _aSeries in modern condensed matter physics ;
_vvolume 4
504 _aIncludes bibliographical references.
650 7 _aCondensed matter.
_96337
_2BUEsh
655 _vReading book
942 _2ddc
_cBB
999 _c11874
_d11874